| 000 | 00388cam a22001217a 4500 | ||
|---|---|---|---|
| 008 | 180718b1986 xxu||||| |||| 00| 0 eng d | ||
| 082 | _aT2196x5414 M725 | ||
| 100 | _aMohanty, Bedabati | ||
| 245 |
_aEconomics of small scale industries _cby Bedabati Mohanty |
||
| 260 |
_aNew Delhi _bAshish Publishig House _c1986 |
||
| 300 | _axi, 223p. | ||
| 650 | _aSmall business --India --Cuttack District | ||
| 999 |
_c431493 _d431493 |
||